00442nam a2200157Ia 4500008004100000020002300041082001600064100002300080245008200103250001600185260002200201300000800223650002200231942001200253999001900265240824s9999 xx 000 0 und d a9789350026663qpbk a330.15bPRA aPradhan, H. Prasad 0aGandhi, Marx and India: An Alternative Path of Progressc/ Pradhan, H. Prasad a1st edition bAakar Booksc2000 a144 aPolitical Science cENGLISH c537688d537688